000 00191nam a22000857a 4500
008 161124b xxu||||| |||| 00| 0 eng d
100 _91404
_aRoddy.H.
245 _aMath-1
260 _aUSA
_bTCR
_c2011
999 _c4120
_d4120